000 00597nam a2200205Ia 4500
005 20260114185859.0
008 008 260114s9999 xx 000 0 eng d
020 _a9781509934126
037 _aEBOOK
040 _aCRL
_beng
_cCRL
041 _aeng
_2eng
084 _qCRL
100 _aAlexander Horne, Louise Thompson and Ben Yong
_9875597
245 0 _aParliament and the Law
260 _bBloomsbury
_c2022
650 _aLaw
_9875598
856 _uhttps://doi.org/10.5040/9781509934126?locatt=label:secondary_bloomsburyCollections
942 _cEBOOK
999 _c1474450
_d1474450